00484nam a2200193Ia 4500003000400000005001700004008004100021020002200062040000700084041000800091082001600099100002300115245003900138260003300177300001600210365001400226650002100240650002900261OSt20230517144546.0210423s2014 xx 000 0 und d a978-93-83101-55-9 cAL aeng a615.19 ANSI aANSLEY (Barneston) aInorganic pharmaceutical chemistry aJaipurbAGROTECH PRESSc2014 avii,272bHB b1925cINR aMedical Sciences aPharmaceutical Chemistry